| 000 | 00716na a2200253 4500 | ||
|---|---|---|---|
| 001 | 17040 | ||
| 003 | MIRAKIL | ||
| 005 | 20181213155157.0 | ||
| 008 | 161021b tu 000 0 | ||
| 020 | _a9789756238295 | ||
| 035 | _a17040 | ||
| 040 |
_aMilas _btur _cTR-AnCHP |
||
| 041 | _atur | ||
| 082 |
_a320.9561 _bE41h 2007 |
||
| 090 | _a320.9561 E41h 2007 | ||
| 100 | _aElçioğlu, İsmet | ||
| 245 |
_aHedefteki Türk Silahlı Kuvvetleri _cİsmet Elçioğlu |
||
| 260 |
_aİstanbul _bNergiz Yayınevi _c2007 |
||
| 300 |
_a372 s. _c20 sm. |
||
| 500 | _aYapıt yazarından imzalıdır. | ||
| 650 |
_aSiyaset ve yönetim _xIktidar eleştirisi _yAKP |
||
| 651 |
_aTürkiye _xSiyasal durum |
||
| 942 |
_2ddc _cBKS |
||
| 999 |
_c8044 _d8044 |
||